Score 0/16 Timer 02:00
0 Plays Today
Clue Word % Correct
Be like Pisa's towerLEAN
97.9%
Henry VIII, e.g.•KING•
96.6%
Lima, vanilla, or coffee, e.g.BEAN
96%
Sign of engagementRING
95.4%
Hourglass contentsSAND
95.2%
Patience, Fortitude or Simba
[1] + [9] 1994 Disney Animation
•LION•
94.7%
Rock band Kings of ____LEON
94.1%
Flattery: 'You're too ____'KIND
91.9%
Clue Word % Correct
Melon exterior RIND
91.5%
Having all your marblesSANE
90.6%
KY Senator ____ PaulRAND
90.2%
Fasten togetherBIND
87.9%
____ wave (trig curve)SINE
87.1%
ArchBEND
85.9%
Small glass ballBEAD
85.2%
Petite or XXL
[9] + [16] Bed descriptor
•SIZE•
81.4%

Today's Daily Dose

Remove Ads.
Support Sporcle.
Get the best of Sporcle when you Go Orange. This ad-free experience offers more features, more stats, and more fun while also helping to support Sporcle. Thank you for becoming a member.

You're not logged in!

Compare scores with friends on all Sporcle quizzes.
OR
Log In

Show Comments

Extras

Top Quizzes Today


Score Distribution

Your Account Isn't Verified!

In order to create a playlist on Sporcle, you need to verify the email address you used during registration. Go to your Sporcle Settings to finish the process.

Report this User

Report this user for behavior that violates our Community Guidelines.

Details: